Reduce your exposure to risk. (Record no. 60997)

MARC details
000 -LEADER
fixed length control field 00628cam a2200205 4500
001 - CONTROL NUMBER
control field ABS61275
008 - FIXED-LENGTH DATA ELEMENTS--GENERAL INFORMATION
fixed length control field 000000n1999 000 0 eng u
035 ## - SYSTEM CONTROL NUMBER
System control number (Sirsi) u101896
100 ## - MAIN ENTRY--PERSONAL NAME
Personal name Jenkin, P.
245 ## - TITLE STATEMENT
Title Reduce your exposure to risk.
260 ## - PUBLICATION, DISTRIBUTION, ETC.
Date of publication, distribution, etc. 1999
490 ## - SERIES STATEMENT
Series statement Construction News
Volume/sequential designation (6630) 26 August 1999, 20-21(2)
520 ## - SUMMARY, ETC.
Summary, etc. Gives a brief overview of risk management in construction and the benefits of a structured risk management system.
650 ## - SUBJECT ADDED ENTRY--TOPICAL TERM
Topical term or geographic name entry element RISK MANAGEMENT
650 ## - SUBJECT ADDED ENTRY--TOPICAL TERM
Topical term or geographic name entry element HEALTH AND SAFETY
9 (RLIN) 6244
650 ## - SUBJECT ADDED ENTRY--TOPICAL TERM
Topical term or geographic name entry element HAZARDS
650 ## - SUBJECT ADDED ENTRY--TOPICAL TERM
Topical term or geographic name entry element HSE
690 ## - LOCAL SUBJECT ADDED ENTRY--TOPICAL TERM (OCLC, RLIN)
Topical term or geographic name as entry element Project management
9 (RLIN) 6261
942 ## - ADDED ENTRY ELEMENTS (KOHA)
Suppress in OPAC 0
Holdings
Withdrawn status Lost status Source of classification or shelving scheme Damaged status Not for loan Home library Current library Shelving location Date acquired Total Checkouts Full call number Barcode Date last seen Copy number Price effective from Koha item type
    Dewey Decimal Classification     London London Journal article 12/11/1999   ABS61275 101896-1001 06/08/2019 1 06/08/2019 Journal article